Chiến tranh và hòa bình T. 1

Đã lưu trong:
书目详细资料
主要作者: Tônxtôi N. L
其他作者: Cao Xuân Hạo (dịch), Nhữ Thành (dịch)
格式: 图书
语言:Vietnamese
出版: H. Văn Học 1979
版:Tái bản có sửa chữa
主题:
标签: 添加标签
没有标签, 成为第一个标记此记录!
Thư viện lưu trữ: Mạng thư viện Đại học Đà Nẵng
LEADER 01207nam a2200373 4500
001 000004467
003 606
005 20120411080430.0
008 110720s1979 viesd
020 |c 10000 
041 0 |a vie 
082 |a 891.73  |b TO-L 
100 0 |a Tônxtôi N. L 
245 1 0 |a Chiến tranh và hòa bình  |c Cao Văn Hạo... dịch  |n T. 1 
250 |a Tái bản có sửa chữa 
260 |a H.  |b Văn Học  |c 1979 
300 |a 719 tr  |c 19 cm 
653 |a Văn học Nga 
653 |a Tiểu thuyết 
653 |a Văn học hiện đại 
700 |a Cao Xuân Hạo  |e dịch 
700 |a Nhữ Thành  |e dịch 
773 |t Chiến tranh và hòa bình  |w 604 
910 |a Nguyễn Thị Kim Oanh  |d 20/ 07/ 2011 
OWN |a LSP 
AVA |a UDN50  |b LSP  |d 891.73 TO-L  |e available  |t Error 5001 Not defined in file expand_doc_bib_avail.  |f 3  |g 0  |h N  |i 0  |k 1 
999 |a From the UDN01 
AVA |a UDN50  |b LSP  |d 891.73 TO-L  |e available  |t Error 5001 Not defined in file expand_doc_bib_avail.  |f 3  |g 0  |h N  |i 0  |k 1 
TYP |a Monograph 
TYP |a Printed language 
980 |a Mạng thư viện Đại học Đà Nẵng